000 00522cam a2200217 4500
001 D6282
008 090401t1975 xxu||||| |||| 00| 0 eng d
035 _a(Sirsi) u1
041 _aeng
050 _a333.1
100 _aJoseph, Clifford
245 _aLand - development land tax and Community Land Act
250 _a2nd
260 _aSt. Helier
_bHermitage Pr
_c1975
300 _a108p. 21cm
350 _a4
490 _aPractical Guide Series
700 _aSkinner, Bryan
942 _n0
948 _c04/03/1997
999 _c85473
_d85473